[Event "NED-chT 1920"]
[Site "Netherlands"]
[Date "2020.02.01"]
[Round "5.9"]
[White "Pel, Bonno"]
[Black "Van der Heijden, Ton"]
[Result "1-0"]
[WhiteElo "2274"]
[BlackElo "2307"]
[PlyCount "68"]
[EventDate "2019.09.28"]
[EventType "team-tourn"]
[EventRounds "9"]
[EventCountry "NED"]
[SourceTitle "CBM 195 Extra"]
[Source "ChessBase"]
[SourceDate "2020.05.31"]
[SourceVersion "1"]
[SourceVersionDate "2020.05.31"]
[SourceQuality "1"]
[WhiteTeam "Groningen Combinatie"]
[BlackTeam "BSG"]
[WhiteTeamCountry "NED"]
[BlackTeamCountry "NED"]

1. g3 Nf6 2. Bg2 d5 3. d3 c5 4. Nf3 Nc6 5. 0-0 e6 6. Nc3 Be7 7. e4 0-0 8. h3 b6 9. exd5 exd5 10. Re1 Bb7 11. Bg5 d4 12. Bxf6 Bxf6 13. Ne4 Be7 14. h4 h6 15. Ned2 Qc7 16. Nc4 b5 17. Nce5 Nb4 18. c3 dxc3 19. bxc3 Nd5 20. Qb3 Bf6 21. Rac1 c4 22. Qxb5 cxd3 23. Nd7 Rfd8 24. Nxf6+ Nxf6 25. Red1 Rd5 26. Qb3 Ne4 27. Nd4 Rd7 28. Qb5 d2 29. Rb1 Bd5 30. Bxe4 Bxe4 31. Rb2 Rd5 32. Qb3 Rc5 33. Rbxd2 Rxc3 34. Nb5 Rb8 1-0

[Event "NED-chT 1920"]
[Site "Netherlands"]
[Date "2019.12.14"]
[Round "4.6"]
[White "Blees, Albert"]
[Black "Van der Heijden, Ton"]
[Result "1-0"]
[WhiteElo "2318"]
[BlackElo "2307"]
[PlyCount "93"]
[EventDate "2019.09.28"]
[EventType "team-tourn"]
[EventRounds "9"]
[EventCountry "NED"]
[SourceTitle "EXT 2022"]
[Source "ChessBase"]
[SourceDate "2021.10.06"]
[SourceVersion "1"]
[SourceVersionDate "2021.10.06"]
[SourceQuality "1"]
[WhiteTeam "Caissa"]
[BlackTeam "BSG"]
[WhiteTeamCountry "NED"]
[BlackTeamCountry "NED"]

1. c4 c5 2. Nf3 g6 3. d4 cxd4 4. Nxd4 Bg7 5. e4 Nc6 6. Be3 Nf6 7. Nc3 0-0 8. Be2 b6 9. 0-0 Bb7 10. Qd2 Nxd4 11. Bxd4 e5 12. Bxe5 Nxe4 13. Nxe4 Bxe5 14. Nd6 Bc6 15. f4 Bg7 16. Rad1 f5 17. b4 Rf6 18. b5 Bf8 19. Nxf5 Bc5+ 20. Kh1 Bxg2+ 21. Kxg2 Rxf5 22. Bg4 Rf6 23. f5 d6 24. Kh1 Qf8 25. Rf3 Re8 26. Rdf1 Qg7 27. fxg6 Rxg6 28. Qd5+ Kh8 29. Rf7 Rxg4 30. Rxg7 Rxg7 31. h3 Reg8 32. Qe4 Rg1+ 33. Rxg1 Rxg1+ 34. Kh2 Rg8 35. Qb7 Bg1+ 36. Kh1 Bc5 37. Qxa7 Rg3 38. Qf7 h6 39. Qf6+ Kh7 40. Qf5+ Kg7 41. a4 Rg5 42. Qd7+ Kg6 43. a5 bxa5 44. b6 Rg1+ 45. Kh2 Rb1 46. b7 a4 47. Qe8+ 1-0

[Event "NED-chT 1718"]
[Site "Netherlands"]
[Date "2018.04.07"]
[Round "8.10"]
[White "De Boer, Eelke"]
[Black "Van der Heijden, Ton"]
[Result "1-0"]
[WhiteElo "2233"]
[BlackElo "2301"]
[PlyCount "91"]
[EventDate "2017.09.16"]
[EventType "team-tourn"]
[EventRounds "9"]
[EventCountry "NED"]
[SourceTitle "EXT 2019"]
[Source "ChessBase"]
[SourceDate "2018.10.10"]
[SourceVersion "1"]
[SourceVersionDate "2018.10.10"]
[SourceQuality "1"]
[WhiteTeam "Groningen Combinatie"]
[BlackTeam "BSG"]
[WhiteTeamCountry "NED"]
[BlackTeamCountry "NED"]

1. e4 c5 2. Nf3 d6 3. d4 cxd4 4. Nxd4 Nf6 5. Nc3 Nc6 6. Bg5 e6 7. Qd2 Be7 8. 0-0-0 0-0 9. f3 a6 10. h4 Nxd4 11. Qxd4 b5 12. Kb1 Qa5 13. g4 b4 14. Ne2 e5 15. Qf2 Be6 16. Nc1 Rfd8 17. Be3 Rab8 18. g5 Nh5 19. Bh3 Bxh3 20. Rd5 Rb5 21. Rxh3 Rxd5 22. Bb6 Rd2 23. Qe3 Qb5 24. Bxd8 Rd1 25. Bxe7 Qf1 26. Rh2 Re1 27. Re2 Rxc1+ 28. Qxc1 Qxe2 29. Bxd6 Qxf3 30. Bxb4 Qxe4 31. Qe1 Qf3 32. a4 e4 33. Qd2 Qf1+ 34. Ka2 Qc4+ 35. Ka3 h6 36. gxh6 g6 37. Qd8+ Kh7 38. Bc3 Qc5+ 39. Kb3 f6 40. Bxf6 Nxf6 41. Qxf6 Qd5+ 42. Ka3 Qc5+ 43. b4 Qc7 44. Kb2 e3 45. Kc1 e2 46. Kd2 1-0

[Event "NED-chT 1718"]
[Site "Netherlands"]
[Date "2017.09.16"]
[Round "1.10"]
[White "Smit, Erik"]
[Black "Van der Heijden, Ton"]
[Result "1/2-1/2"]
[WhiteElo "2153"]
[BlackElo "2301"]
[PlyCount "86"]
[EventDate "2017.09.16"]
[EventType "team-tourn"]
[EventRounds "9"]
[EventCountry "NED"]
[SourceTitle "CBM 180 Extra"]
[Source "ChessBase"]
[SourceDate "2017.10.06"]
[SourceVersion "1"]
[SourceVersionDate "2017.10.06"]
[SourceQuality "1"]
[WhiteTeam "Apeldoorn"]
[BlackTeam "BSG"]
[WhiteTeamCountry "NED"]
[BlackTeamCountry "NED"]

1. d4 Nf6 2. Nf3 g6 3. c4 Bg7 4. Nc3 0-0 5. e4 c6 6. Be2 d5 7. cxd5 cxd5 8. e5 Ne4 9. 0-0 Nxc3 10. bxc3 Qc7 11. Qb3 Rd8 12. Bg5 Nc6 13. Rac1 f6 14. exf6 exf6 15. Be3 Na5 16. Qa4 Nc4 17. Bxc4 dxc4 18. Nd2 Be6 19. Rfe1 Bd5 20. f3 f5 21. Bg5 Qd7 22. Qxd7 Rxd7 23. Re2 Kf7 24. Rce1 Bf8 25. Nf1 b5 26. Ne3 Re8 27. Nc2 Rxe2 28. Rxe2 a5 29. a3 Bd6 30. Kf2 f4 31. g3 fxg3+ 32. hxg3 Be6 33. Bf4 Bxf4 34. gxf4 Bf5 35. Ne3 Bd3 36. Rb2 Rb7 37. Ng4 Ke6 38. Ne5 Kd5 39. Ng4 h5 40. Nf6+ Kd6 41. Ne4+ Kd5 42. Nf6+ Kd6 43. Ne4+ Kd5 1/2-1/2

[Event "NED-chT 1516"]
[Site "Netherlands"]
[Date "2015.09.26"]
[Round "1.6"]
[White "Van der Heijden, Ton"]
[Black "Goormachtigh, Johan"]
[Result "1-0"]
[WhiteElo "2302"]
[BlackElo "2211"]
[PlyCount "121"]
[EventDate "2015.09.26"]
[EventType "team-tourn"]
[EventRounds "9"]
[EventCountry "NED"]
[SourceTitle "EXT 2016"]
[Source "ChessBase"]
[SourceDate "2015.10.08"]
[SourceVersion "1"]
[SourceVersionDate "2015.10.08"]
[SourceQuality "1"]
[WhiteTeam "BSG"]
[BlackTeam "Sas van Gent"]
[WhiteTeamCountry "NED"]
[BlackTeamCountry "NED"]

1. d4 Nf6 2. c4 g6 3. Nc3 d5 4. Bf4 Bg7 5. e3 c5 6. dxc5 Qa5 7. Rc1 dxc4 8. Bxc4 0-0 9. Nf3 Nc6 10. 0-0 Qxc5 11. Bb3 Qa5 12. h3 Bf5 13. Qe2 Ne4 14. Nd5 e5 15. Rxc6 bxc6 16. Ne7+ Kh8 17. Nxc6 Qb6 18. Ncxe5 Be6 19. Bxe6 Qxe6 20. Qc2 f5 21. Qa4 g5 22. Bh2 g4 23. hxg4 fxg4 24. Qxe4 gxf3 25. gxf3 Rae8 26. f4 Qxa2 27. Kg2 Qe6 28. Bg3 Qf5 29. Qxf5 Rxf5 30. Ra1 Rb8 31. Rxa7 Rxb2 32. e4 Rf8 33. Nd7 Re8 34. e5 Re2 35. Kf1 Re4 36. f3 Re3 37. Kf2 Rd3 38. Bh4 h5 39. Ke2 Rd6 40. Ke3 Rd1 41. Ke4 Rh1 42. Nf6 Rb8 43. Bg5 h4 44. Kf5 Bxf6 45. Bxf6+ Kg8 46. Rg7+ Kf8 47. Rh7 Rb5 48. Kg6 Rg1+ 49. Bg5 Rb6+ 50. Kf5 Re1 51. Rxh4 Re3 52. Bf6 Re2 53. Rh7 Ra6 54. Re7 Re3 55. Rh7 Re2 56. Be7+ Kg8 57. Rh3 Kf7 58. Bd6 Ra5 59. Rh7+ Kg8 60. Rb7 Rh2 61. Kg5 1-0

[Event "NED-chT 1415"]
[Site "Netherlands"]
[Date "2015.03.07"]
[Round "6.6"]
[White "Sprenger, Jan Michael"]
[Black "Van der Heijden, Ton"]
[Result "1/2-1/2"]
[WhiteElo "2479"]
[BlackElo "2295"]
[PlyCount "59"]
[EventDate "2014.09.27"]
[EventType "team-tourn"]
[EventRounds "9"]
[EventCountry "NED"]
[SourceTitle "EXT 2016"]
[Source "ChessBase"]
[SourceDate "2015.10.08"]
[SourceVersion "1"]
[SourceVersionDate "2015.10.08"]
[SourceQuality "1"]
[WhiteTeam "Leiden LSG"]
[BlackTeam "BSG"]
[WhiteTeamCountry "NED"]
[BlackTeamCountry "NED"]

1. e4 c5 2. Nf3 d6 3. d4 cxd4 4. Nxd4 Nf6 5. Nc3 Nc6 6. g3 e6 7. Bg2 Be7 8. 0-0 0-0 9. Nb3 a6 10. a4 Rb8 11. a5 b6 12. axb6 Qxb6 13. Be3 Qc7 14. f4 Rd8 15. Kh1 d5 16. e5 Ne4 17. Nxe4 dxe4 18. Qe2 Nb4 19. Rfc1 f5 20. exf6 Bxf6 21. Rab1 a5 22. Bxe4 a4 23. Nc5 Na2 24. Rd1 Rxd1+ 25. Rxd1 Rxb2 26. Nxa4 Rb4 27. Bxh7+ Kxh7 28. Qh5+ Kg8 29. Qe8+ Kh7 30. Qh5+ 1/2-1/2

[Event "NED-chT 1415"]
[Site "Netherlands"]
[Date "2014.11.01"]
[Round "2.5"]
[White "Wantola, Ivo"]
[Black "Van der Heijden, Ton"]
[Result "1/2-1/2"]
[WhiteElo "2330"]
[BlackElo "2295"]
[PlyCount "70"]
[EventDate "2014.09.27"]
[EventType "team-tourn"]
[EventRounds "9"]
[EventCountry "NED"]
[SourceTitle "EXT 2015"]
[Source "ChessBase"]
[SourceDate "2014.11.20"]
[SourceVersion "1"]
[SourceVersionDate "2014.11.20"]
[SourceQuality "1"]
[WhiteTeam "Voerendaal"]
[BlackTeam "BSG"]
[WhiteTeamCountry "NED"]
[BlackTeamCountry "NED"]

1. Nf3 Nf6 2. c4 g6 3. Nc3 Bg7 4. e4 d6 5. d4 0-0 6. h3 c5 7. Be3 cxd4 8. Nxd4 b6 9. g4 Bb7 10. Bg2 Nfd7 11. h4 Nc6 12. Nxc6 Bxc6 13. h5 Ne5 14. hxg6 fxg6 15. Qe2 Qd7 16. f3 a6 17. Nd5 Bxd5 18. cxd5 Rac8 19. 0-0 Qb5 20. Qxb5 axb5 21. Bg5 Rc7 22. Rac1 Rxc1 23. Rxc1 Nxf3+ 24. Bxf3 Rxf3 25. Kg2 Rd3 26. Bxe7 Be5 27. g5 Re3 28. Rc6 Rxe4 29. Rxb6 Kf7 30. Bxd6 Bxd6 31. Rxd6 Rg4+ 32. Kf3 Rxg5 33. Rd7+ Kf6 34. Rxh7 Rxd5 35. Rb7 Kf5 1/2-1/2

[Event "NED-chT 1415"]
[Site "Netherlands"]
[Date "2014.09.27"]
[Round "1.7"]
[White "Van der Heijden, Ton"]
[Black "Wempe, Joost"]
[Result "1-0"]
[WhiteElo "2295"]
[BlackElo "2266"]
[PlyCount "67"]
[EventDate "2014.09.27"]
[EventType "team-tourn"]
[EventRounds "9"]
[EventCountry "NED"]
[SourceTitle "CBM 162 Extra"]
[Source "ChessBase"]
[SourceDate "2014.10.17"]
[SourceVersion "1"]
[SourceVersionDate "2014.10.17"]
[SourceQuality "1"]
[WhiteTeam "BSG"]
[BlackTeam "Groningen"]
[WhiteTeamCountry "NED"]
[BlackTeamCountry "NED"]

1. d4 e6 2. Nf3 b6 3. g3 Bb7 4. Bg2 f5 5. 0-0 Nf6 6. c4 Be7 7. d5 exd5 8. Nd4 Nc6 9. Nxf5 dxc4 10. Nxg7+ Kf7 11. Nf5 d5 12. Nc3 Ne5 13. Qd4 Ng6 14. Nxe7 Qxe7 15. Nxd5 Nxd5 16. Bxd5+ Bxd5 17. Qxd5+ Qe6 18. Qf3+ Kg7 19. Qc3+ Kf7 20. b3 Rae8 21. Bb2 Rhg8 22. bxc4 Ne5 23. Rad1 Rg4 24. Qxe5 Qxe5 25. Bxe5 Rxe5 26. Rd7+ Ke6 27. Rxc7 Rxe2 28. Rxa7 Rxc4 29. Rb1 Rcc2 30. Rxb6+ Kd5 31. Ra5+ Ke4 32. Re6+ Kf3 33. Rf5+ Kg4 34. Rf4+ 1-0

[Event "NED-chT 1314"]
[Site "Netherlands"]
[Date "2014.04.12"]
[Round "8.10"]
[White "Van der Heijden, Ton"]
[Black "Houben, Jaap"]
[Result "1/2-1/2"]
[WhiteElo "2289"]
[BlackElo "2279"]
[PlyCount "41"]
[EventDate "2013.09.21"]
[EventType "team-tourn"]
[EventRounds "9"]
[EventCountry "NED"]
[SourceTitle "EXT 2015"]
[Source "ChessBase"]
[SourceDate "2014.11.20"]
[SourceVersion "1"]
[SourceVersionDate "2014.11.20"]
[SourceQuality "1"]
[WhiteTeam "BSG"]
[BlackTeam "Utrecht"]
[WhiteTeamCountry "NED"]
[BlackTeamCountry "NED"]

1. d4 g6 2. c4 Nf6 3. Nc3 Bg7 4. e4 d6 5. f4 0-0 6. Nf3 Na6 7. Bd3 Bg4 8. h3 Bxf3 9. Qxf3 Nd7 10. Be3 e5 11. fxe5 c5 12. d5 Nxe5 13. Qe2 Qb6 14. Rd1 Rae8 15. 0-0 Nb8 16. Rb1 a5 17. Nb5 Nbd7 18. Bc2 Re7 19. a3 Ra8 20. b3 Ra6 21. Kh1 1/2-1/2

[Event "NED-chT 1314"]
[Site "Netherlands"]
[Date "2013.12.07"]
[Round "3.9"]
[White "Van der Heijden, Ton"]
[Black "Wempe, Joost"]
[Result "0-1"]
[WhiteElo "2289"]
[BlackElo "2261"]
[PlyCount "60"]
[EventDate "2013.09.21"]
[EventType "team-tourn"]
[EventRounds "9"]
[EventCountry "NED"]
[SourceTitle "EXT 2015"]
[Source "ChessBase"]
[SourceDate "2014.11.20"]
[SourceVersion "1"]
[SourceVersionDate "2014.11.20"]
[SourceQuality "1"]
[WhiteTeam "BSG"]
[BlackTeam "Groningen"]
[WhiteTeamCountry "NED"]
[BlackTeamCountry "NED"]

1. d4 e6 2. c4 Bb4+ 3. Nc3 b6 4. e4 Bb7 5. f3 d5 6. Qa4+ Nc6 7. cxd5 exd5 8. Bb5 Bxc3+ 9. bxc3 Nge7 10. Ne2 0-0 11. 0-0 Na5 12. Ng3 Bc6 13. Bxc6 Nexc6 14. e5 Qd7 15. Qc2 Nc4 16. f4 f5 17. exf6 Rxf6 18. f5 Raf8 19. Bg5 R6f7 20. Rae1 Nd6 21. f6 gxf6 22. Bh6 Re8 23. Rxe8+ Qxe8 24. Nh5 Ne4 25. Qe2 f5 26. g4 Qe6 27. Bg7 Qg6 28. h3 Rxg7 29. Nxg7 Kxg7 30. Rxf5 Ng3 0-1

[Event "Arco op 35th"]
[Site "Arco"]
[Date "2013.10.18"]
[Round "7"]
[White "Van der Heijden, Ton"]
[Black "Ager, Josef"]
[Result "1/2-1/2"]
[WhiteElo "2300"]
[BlackElo "2168"]
[PlyCount "52"]
[EventDate "2013.10.12"]
[EventType "swiss"]
[EventRounds "9"]
[EventCountry "ITA"]
[SourceTitle "EXT 2014"]
[Source "ChessBase"]
[SourceDate "2013.11.20"]
[SourceVersion "1"]
[SourceVersionDate "2013.11.20"]
[SourceQuality "1"]

1. d4 Nf6 2. c4 g6 3. Nc3 Bg7 4. e4 d6 5. f4 0-0 6. Nf3 Na6 7. Bd3 e5 8. fxe5 dxe5 9. d5 c6 10. 0-0 cxd5 11. cxd5 Nc5 12. Bc2 Ne8 13. Be3 Na6 14. a3 Nd6 15. Qe2 Bd7 16. Bd3 Nc7 17. Bg5 f6 18. Bh4 Nf7 19. Nd2 Ne8 20. b4 Nfd6 21. Nb3 b6 22. a4 Bh6 23. Ra2 Rc8 24. Rc2 Qe7 25. a5 Nb7 26. a6 Nbd6 1/2-1/2

[Event "Arco op 35th"]
[Site "Arco"]
[Date "2013.10.17"]
[Round "6"]
[White "Perman, Sergey"]
[Black "Van der Heijden, Ton"]
[Result "1/2-1/2"]
[WhiteElo "2133"]
[BlackElo "2300"]
[PlyCount "47"]
[EventDate "2013.10.12"]
[EventType "swiss"]
[EventRounds "9"]
[EventCountry "ITA"]
[SourceTitle "EXT 2014"]
[Source "ChessBase"]
[SourceDate "2013.11.20"]
[SourceVersion "1"]
[SourceVersionDate "2013.11.20"]
[SourceQuality "1"]

1. e4 c5 2. Nf3 e6 3. d4 cxd4 4. Nxd4 Nf6 5. Nc3 d6 6. Be2 Be7 7. 0-0 0-0 8. f4 a6 9. a4 Nc6 10. Be3 Qc7 11. Kh1 Bd7 12. Nb3 b6 13. Bf3 Bc8 14. Qe2 Bb7 15. Qf2 Nd7 16. Nd4 Nxd4 17. Bxd4 e5 18. Be3 exf4 19. Bxf4 Bf6 20. Rad1 Be5 21. Bxe5 dxe5 22. Nd5 Bxd5 23. Rxd5 Nf6 24. Rd2 1/2-1/2

[Event "Arco op 35th"]
[Site "Arco"]
[Date "2013.10.15"]
[Round "4"]
[White "Kveinys, Aloyzas"]
[Black "Van der Heijden, Ton"]
[Result "1-0"]
[WhiteElo "2511"]
[BlackElo "2300"]
[PlyCount "81"]
[EventDate "2013.10.12"]
[EventType "swiss"]
[EventRounds "9"]
[EventCountry "ITA"]
[SourceTitle "EXT 2014"]
[Source "ChessBase"]
[SourceDate "2013.11.20"]
[SourceVersion "1"]
[SourceVersionDate "2013.11.20"]
[SourceQuality "1"]

1. d4 Nf6 2. Nf3 g6 3. c4 Bg7 4. g3 0-0 5. Bg2 d6 6. 0-0 Nbd7 7. Nc3 e5 8. Qc2 c6 9. Rd1 Re8 10. b3 Qa5 11. Bd2 Qb6 12. e3 Nf8 13. dxe5 dxe5 14. h3 Qc7 15. e4 Ne6 16. Be3 Nh5 17. c5 Rf8 18. Qe2 f5 19. exf5 gxf5 20. Ng5 Nxg5 21. Qxh5 Ne6 22. Rac1 Bd7 23. Rd6 Be8 24. Qd1 f4 25. Rxe6 fxe3 26. fxe3 Qf7 27. Rd6 Qf2+ 28. Kh2 Qxe3 29. Ne4 Bh5 30. Qxh5 Qxc1 31. Ng5 Qc2 32. Ne4 Rf7 33. Rd2 Qc1 34. Ng5 Qxd2 35. Qxf7+ Kh8 36. Qf5 Kg8 37. Qe6+ Kh8 38. Nf7+ Kg8 39. Nh6+ Kh8 40. Qg8+ Rxg8 41. Nf7# 1-0

[Event "NED-chT 1314"]
[Site "Netherlands"]
[Date "2013.09.21"]
[Round "1.7"]
[White "Van der Heijden, Ton"]
[Black "Kabatianski, Alexander"]
[Result "1-0"]
[WhiteElo "2289"]
[BlackElo "2437"]
[PlyCount "95"]
[EventDate "2013.09.21"]
[EventType "team-tourn"]
[EventRounds "9"]
[EventCountry "NED"]
[SourceTitle "EXT 2015"]
[Source "ChessBase"]
[SourceDate "2014.11.20"]
[SourceVersion "1"]
[SourceVersionDate "2014.11.20"]
[SourceQuality "1"]
[WhiteTeam "BSG"]
[BlackTeam "Apeldoorn"]
[WhiteTeamCountry "NED"]
[BlackTeamCountry "NED"]

1. d4 Nf6 2. c4 e6 3. Nf3 b6 4. Nc3 Bb7 5. Bg5 h6 6. Bh4 g5 7. Bg3 Nh5 8. e3 Bg7 9. Be5 Nf6 10. d5 d6 11. Bg3 0-0 12. h4 g4 13. Nd4 Qd7 14. Bd3 c5 15. Ndb5 e5 16. Qc2 a6 17. Bf5 Qe7 18. Na3 b5 19. Ne4 Nbd7 20. Nxf6+ Nxf6 21. e4 h5 22. Qe2 Bh6 23. Nc2 bxc4 24. Ne3 a5 25. Nxc4 Ba6 26. 0-0 Rab8 27. b3 Kh8 28. f4 Bxc4 29. Qxc4 exf4 30. Bxf4 Bxf4 31. Rxf4 Rb4 32. Qc1 Kg7 33. Rf2 Ng8 34. Qf4 Qxh4 35. Raf1 Nh6 36. Be6 Qe7 37. Qe3 f6 38. Rxf6 Qxf6 39. Rxf6 Rxf6 40. Qg5+ Rg6 41. Qe7+ Kh8 42. e5 dxe5 43. d6 Rd4 44. d7 Ng8 45. Qe8 g3 46. Kf1 Kh7 47. Ke2 Kh6 48. Qf8+ 1-0

[Event "NED-chT 1213"]
[Site "Netherlands"]
[Date "2012.12.15"]
[Round "5.10"]
[White "Van der Heijden, Ton"]
[Black "Driessens, Patrick"]
[Result "1/2-1/2"]
[WhiteElo "2285"]
[BlackElo "2342"]
[PlyCount "65"]
[EventDate "2012.09.15"]
[EventType "team-tourn"]
[EventRounds "9"]
[EventCountry "NED"]
[SourceTitle "EXT 2014"]
[Source "ChessBase"]
[SourceDate "2013.11.20"]
[SourceVersion "1"]
[SourceVersionDate "2013.11.20"]
[SourceQuality "1"]
[WhiteTeam "BSG"]
[BlackTeam "Voerendaal"]
[WhiteTeamCountry "NED"]
[BlackTeamCountry "NED"]

1. d4 d5 2. c4 c6 3. Nf3 Nf6 4. Nc3 a6 5. e3 g6 6. Be2 Bg7 7. 0-0 0-0 8. b3 c5 9. dxc5 Qa5 10. Na4 Ne4 11. Qxd5 Bxa1 12. Qxe4 Bf6 13. Bd2 Qd8 14. Nb6 Ra7 15. Nd5 Nd7 16. Nxf6+ Nxf6 17. Qf4 Nd7 18. Bc3 f6 19. Qd4 Qc7 20. b4 Rf7 21. Nd2 a5 22. a3 axb4 23. axb4 Ra2 24. Bf3 Ne5 25. Bd5 e6 26. f4 Nc6 27. Bxc6 Qxc6 28. Ne4 Rd7 29. Qxf6 Qxe4 30. Qh8+ Kf7 31. Qf6+ Kg8 32. Qh8+ Kf7 33. Qf6+ 1/2-1/2

[Event "NED-chT 1213"]
[Site "Netherlands"]
[Date "2012.11.03"]
[Round "3.10"]
[White "Van der Heijden, Ton"]
[Black "Olthof, Rene AJA"]
[Result "1-0"]
[WhiteElo "2285"]
[BlackElo "2196"]
[PlyCount "85"]
[EventDate "2012.09.15"]
[EventType "team-tourn"]
[EventRounds "9"]
[EventCountry "NED"]
[SourceTitle "EXT 2013"]
[Source "ChessBase"]
[SourceDate "2012.11.22"]
[SourceVersion "1"]
[SourceVersionDate "2012.11.22"]
[SourceQuality "1"]
[WhiteTeam "BSG"]
[BlackTeam "Calder HMC"]
[WhiteTeamCountry "NED"]
[BlackTeamCountry "NED"]

1. d4 Nf6 2. c4 g6 3. Nc3 d5 4. Bf4 Bg7 5. e3 c5 6. dxc5 Qa5 7. Rc1 Ne4 8. cxd5 Nxc3 9. Qd2 Qxa2 10. Rxc3 Bxc3 11. Qxc3 f6 12. Bb5+ Nd7 13. c6 Qxd5 14. cxd7+ Bxd7 15. Bxd7+ Kxd7 16. Qd4 Qxd4 17. exd4 Rhc8 18. Kd2 Rc4 19. Ne2 Rac8 20. Rb1 b5 21. Be3 b4 22. Nc1 Kd6 23. Nd3 a5 24. Ra1 Ra8 25. b3 Rc3 26. Bf4+ Kd7 27. Nc5+ Kc6 28. Ne4 Rxb3 29. Kc2 Ra3 30. Rxa3 bxa3 31. Nc3 Rd8 32. Be3 Rb8 33. Bc1 Rb4 34. d5+ Kd7 35. Bxa3 Rd4 36. Bc5 Rg4 37. g3 h5 38. Kd3 h4 39. h3 Rg5 40. g4 f5 41. Be3 Rxg4 42. hxg4 e5 43. dxe6+ 1-0

[Event "NED-chT 1112"]
[Site "Netherlands"]
[Date "2012.01.07"]
[Round "5.10"]
[White "Driessens, Patrick"]
[Black "Van der Heijden, Ton"]
[Result "1-0"]
[WhiteElo "2311"]
[BlackElo "2314"]
[PlyCount "49"]
[EventDate "2011.09.17"]
[EventType "team-tourn"]
[EventRounds "9"]
[EventCountry "NED"]
[SourceTitle "EXT 2013"]
[Source "ChessBase"]
[SourceDate "2012.11.22"]
[SourceVersion "1"]
[SourceVersionDate "2012.11.22"]
[SourceQuality "1"]
[WhiteTeam "Voerendaal"]
[BlackTeam "BSG"]
[WhiteTeamCountry "NED"]
[BlackTeamCountry "NED"]

1. d4 Nf6 2. c4 e6 3. Nf3 c5 4. d5 d6 5. Nc3 exd5 6. cxd5 g6 7. Nd2 Bg7 8. e4 0-0 9. Be2 Re8 10. 0-0 b6 11. Re1 Ba6 12. Bc4 Nh5 13. a4 Bc8 14. Bb5 Rf8 15. Nc4 a6 16. Bc6 Ra7 17. Qb3 Nxc6 18. dxc6 Be6 19. Qxb6 Bxc3 20. bxc3 Rc7 21. Na5 f5 22. Bh6 Rff7 23. exf5 Bxf5 24. Nb7 Qa8 25. Rad1 1-0

[Event "Biel MTO op 43rd"]
[Site "Biel"]
[Date "2010.07.21"]
[Round "3"]
[White "Golod, Vitali"]
[Black "Van der Heijden, Ton"]
[Result "1-0"]
[WhiteElo "2585"]
[BlackElo "2284"]
[PlyCount "59"]
[EventDate "2010.07.19"]
[EventType "swiss"]
[EventRounds "11"]
[EventCountry "SUI"]
[SourceTitle "CBM 137 Extra"]
[Source "ChessBase"]
[SourceDate "2010.09.01"]
[SourceVersion "1"]
[SourceVersionDate "2010.09.01"]
[SourceQuality "1"]

1. d4 Nf6 2. c4 e6 3. Nc3 Bb4 4. Qc2 0-0 5. e4 c5 6. a3 Ba5 7. e5 Ng4 8. h3 Qh4 9. Nf3 Qh5 10. Rg1 Nh2 11. Nxh2 cxd4 12. Be2 dxc3 13. b4 Qxe5 14. Nf3 Qc7 15. Qxc3 Bb6 16. Bb2 f6 17. c5 d5 18. cxb6 Qxb6 19. Rc1 Nc6 20. b5 Na5 21. g4 e5 22. g5 d4 23. Qb4 Bf5 24. gxf6 Qxf6 25. Nxe5 Rae8 26. Bxd4 Rxe5 27. Bxe5 Qxe5 28. Qxa5 Bd3 29. Qd2 Bxb5 30. Rg5 1-0

[Event "Vienna op 16th"]
[Site "Vienna"]
[Date "2009.08.19"]
[Round "5"]
[White "Van der Heijden, Ton"]
[Black "Bozinovic, Boban"]
[Result "1-0"]
[WhiteElo "2269"]
[BlackElo "2114"]
[PlyCount "53"]
[EventDate "2009.08.15"]
[EventType "swiss"]
[EventRounds "9"]
[EventCountry "AUT"]
[SourceTitle "CBM 131 Extra"]
[Source "ChessBase"]
[SourceDate "2009.09.03"]
[SourceVersion "2"]
[SourceVersionDate "2009.09.16"]
[SourceQuality "1"]

1. d4 Nf6 2. c4 e6 3. Nf3 Bb4+ 4. Nc3 Ne4 5. Qc2 f5 6. Nd2 Nxd2 7. Bxd2 0-0 8. a3 Be7 9. e3 b6 10. Bd3 Bb7 11. f3 Bh4+ 12. g3 Bf6 13. d5 g6 14. h4 a5 15. h5 Na6 16. hxg6 hxg6 17. 0-0-0 Qe7 18. g4 Nc5 19. gxf5 Nxd3+ 20. Qxd3 exf5 21. Rdg1 Qf7 22. Qxf5 Bxc3 23. Rxg6+ Bg7 24. Bc3 Qe7 25. Qh5 Qxe3+ 26. Kb1 Qd3+ 27. Ka1 1-0

[Event "NED-chT 0809"]
[Site "Netherlands"]
[Date "2009.03.28"]
[Round "7.10"]
[White "Van der Heijden, Ton"]
[Black "Hoolt, Sarah"]
[Result "1/2-1/2"]
[WhiteElo "2245"]
[BlackElo "2298"]
[PlyCount "97"]
[EventDate "2008.09.27"]
[EventType "team-tourn"]
[EventRounds "9"]
[EventCountry "NED"]
[SourceTitle "EXT 2010"]
[Source "ChessBase"]
[SourceDate "2010.11.25"]
[SourceVersion "1"]
[SourceVersionDate "2010.11.25"]
[SourceQuality "1"]
[WhiteTeam "Bussum"]
[BlackTeam "Enschede ESGOO"]
[WhiteTeamCountry "NED"]
[BlackTeamCountry "NED"]

1. d4 Nf6 2. c4 g6 3. Nc3 d5 4. Bf4 Bg7 5. e3 0-0 6. cxd5 Nxd5 7. Nxd5 Qxd5 8. Bxc7 Na6 9. Bxa6 Qxg2 10. Qf3 Qxf3 11. Nxf3 bxa6 12. Rg1 Bf5 13. Ke2 Rac8 14. Rac1 f6 15. Nd2 Bd7 16. f3 Bb5+ 17. Kf2 f5 18. f4 Rf6 19. Nb3 Rc6 20. Rxc6 Bxc6 21. Be5 Bd5 22. Nc5 Rc6 23. b3 Bxe5 24. fxe5 a5 25. Rc1 Kf7 26. h4 h6 27. Kg3 Rc8 28. Kf4 e6 29. Rc3 Ke7 30. e4 fxe4 31. Nxe4 Rxc3 32. Nxc3 Bc6 33. Nd1 a4 34. bxa4 Bxa4 35. Ne3 Bb5 36. Ng4 h5 37. Ne3 a5 38. Kg5 Kf7 39. a3 Bd3 40. d5 exd5 41. Nxd5 Be4 42. Nf4 Bc2 43. Kh6 Be4 44. Kg5 Bc2 45. e6+ Ke7 46. Nxg6+ Kxe6 47. Nf4+ Ke5 48. Nxh5 Kd4 49. Nf4 1/2-1/2